Entry Nombre personal
001 - NÚMERO DE CONTROL
- campo de control: 102669
003 - IDENTIFICADOR DE NÚMERO DE CONTROL
- campo de control: SpMaBN
005 - FECHA Y HORA DE LA ÚLTIMA TRANSACCIÓN
- campo de control: 20231214204021.0
008 - ELEMENTOS DE DATO DE LONGITUD-FIJA
- campo de control de longitud fija: 910606n| aijnnaabn |a aaa
016 ## - NÚMERO DE CONTROL DE UNA AGENCIA BIBLIOGRÁFICA NACIONAL
- Número de control del registro: BNE19912736222
024 7# - IDENTIFICADOR DE OTROS ESTÁNDARES
- Número estándar o código: http://viaf.org/viaf/64168681/
- Fuente: viaf
024 7# - IDENTIFICADOR DE OTROS ESTÁNDARES
- Número estándar o código: https://isni.org/isni/0000000108448043
- Fuente: isni
040 ## - FUENTE DE CATALOGACIÓN
- Centro catalogador/agencia de origen: SpMaBN
- Lengua de catalogación: spa
- Centro/agencia transcriptor: SpMaBN
- Normas de descripción: rdc
- Convención/Normas de encabezamiento de materia/tesauro: embne
100 1# - ENCABEZAMIENTO-NOMBRE DE PERSONA
- Nombre de persona: Sánchez-Gey Venegas, Juana
373 ## - GRUPO ASOCIADO
- Grupo asociado: Ateneo de Madrid
- Período de inicio: 2012
- Fuente de información: Censo mensual de socios 2023
375 ## - GÉNERO/SEXO
- Género: Femenino
377 ## - IDIOMA ASOCIADO
- Código del idioma: spa
- Término de lengua/lenguaje: Español
400 1# - TRAZADO DE VÉASE--NOMBRE DE PERSONA
- Nombre de persona: Sánchez, Juana
- Forma completa/desarrollada del nombre: Sánchez-Gey Venegas
400 1# - TRAZADO DE VÉASE--NOMBRE DE PERSONA
- Nombre de persona: Sánchez Gey Venegas, Juana
400 1# - TRAZADO DE VÉASE--NOMBRE DE PERSONA
- Nombre de persona: Sánchez-Gey, Juana
400 1# - TRAZADO DE VÉASE--NOMBRE DE PERSONA
- Nombre de persona: Sánchez Gey, Juana
400 1# - TRAZADO DE VÉASE--NOMBRE DE PERSONA
- Nombre de persona: Sánchez, Juana
670 ## - FUENTE DE DATOS ENCONTRADOS
- Cita de la fuente: Pensamiento contemporáneo, de Juana Sánchez-Gey Venegas, Manuel de Paz, 1988
670 ## - FUENTE DE DATOS ENCONTRADOS
- Cita de la fuente: Filósofos españoles en la "Revista de pedagogía" (1922-1936), 2007
- Información encontrada: port. (Juana Sánchez-Gey)
678 ## - DATOS BIOGRÁFICOS O HISTÓRICOS
- Datos biográficos o históricos: Socia del Ateneo de Madrid n. 31265; ingresó el 16/3/2012
- Ampliación de la nota: Fuente: Censo mensual de socios 2023
